000 00715nam a22002057a 4500
005 20251108164951.0
008 250721s1995 xx 000 0 ara d
082 1 4 _a214/كرا
100 1 _aإبن كرامه، أبو سعد المحسن بن محمد
245 1 0 _aرسالة إبليس إلى أخوانه المناجيس /
264 1 _aبيروت :
_bدار المنتخب العربي للدراسات و النشر و التوزيع،
_c1995.
300 _a160ص
650 1 7 _aالإسلام
650 1 7 _aأصول الدين الإسلامي
650 1 7 _aالتوحيد
650 1 7 _aعلم الكلام
700 1 _aالمدرسي، حسين
_eتحقيق
942 _2ddc
_cBK
999 _c18626
_d18626